[Event "10th Ardid mem op"]
[Site "?"]
[Date "1998.??.??"]
[Round "?"]
[White "Oms Pallisse, Josep"]
[Black "Degraeve, Jean-Marc"]
[WhiteElo "2410"]
[BlackElo "2525"]
[Result "1-0"]

1. Nf3 Nf6 2. c4 g6 3. Nc3 Bg7 4. e4 d6 5. d4 O-O 6. Be2 e5 7. O-O Nc6 8. d5 Ne7 9. Nd2 a5 10. Rb1 Bd7 11. a3 a4 12. b4 axb3 13. Rxb3 b6 14. a4 Ne8 15. Ra3 f5 16. f3 Nf6 17. Nb3 f4 18. a5 bxa5 19. c5 a4 20. Nd2 dxc5 21. Nc4 Qe8 22. Bb2 g5 23. d6 cxd6 24. Qxd6 Nc6 25. Nb6 Qb8 26. Qxc5 Kh8 27. Ncxa4 Ra5 28. Nxd7 Qb7 29. Qb6 Qxd7 30. Bb5 Rxb5 31. Qxb5 Rb8 32. Qa6 g4 33. Nc5 Qe8 34. Rb3 gxf3 35. gxf3 Qg6+ 36. Kh1 Rg8 37. Rg1 Qe8 38. Rb7 Nh5 39. Rg4 Nf6 40. Rg2 Nh5 41. Qd3 Qa8 42. Qb5 Qd8 43. Qe2 Nd4 44. Bxd4 Qxd4 45. Ne6 Qc3 46. Nxg7 Nxg7 47. Rd7 Ne6 48. Rxg8+ Kxg8 49. Rd3 Qc7 50. Qa2 Kf7 51. Ra3 Kf6 52. Ra6 Qc8 53. Kg2 Qg8+ 54. Kh3 h6 55. Qd5 Qc8 56. Rc6 Qg8 57. Qd6 Qe8 58. Kh4 

1-0

[Event "10th Sants Spain, Open"]
[Site "?"]
[Date "2008.08.30"]
[Round "?"]
[White "Oms Pallisse, Josep"]
[Black "Almeida Quintana, Omar"]
[WhiteElo "2514"]
[BlackElo "2524"]
[Result "1-0"]

1. Nf3 c5 2. c4 Nc6 3. Nc3 g6 4. e3 Bg7 5. d4 d6 6. d5 Na5 7. Bd2 Nf6 8. Be2 O-O 9. O-O e6 10. a3 exd5 11. cxd5 c4 12. Qa4 Nd7 13. Qb4 Nb3 14. Rad1 Nb6 15. Bxc4 Nxc4 16. Qxb3 Nxd2 17. Rxd2 Bg4 18. Nd4 Qg5 19. Ne4 Qe7 20. Ng3 h5 21. h3 Bc8 22. Rc1 Be5 23. Nge2 a6 24. Rdc2 g5 25. f4 gxf4 26. Nxf4 Qf6 27. Rf2 Qh6 28. Rcf1 Re8 29. Kh1 b5 30. Qd1 h4 31. Nh5 Qxe3 32. Nf6+ Bxf6 33. Rxf6 Qg5 34. Rxf7 Qxd5 35. Qc2 Qxf7 36. Rxf7 Kxf7 37. Qh7+ Kf8 38. Qxh4 Bd7 39. Qf6+ Kg8 40. Qg6+ Kh8 41. Qxd6 Rad8 42. Qh6+ Kg8 43. Qg6+ Kf8 44. Qf6+ Kg8 45. Qxa6 Kg7 46. Qd6 Bc8 47. Qg3+ Kh8 48. Qh4+ Kg7 49. Qg5+ Kf7 50. Nf5 Re1+ 51. Kh2 Rdd1 52. Qg7+ Ke6 53. Qg8+ Kxf5 54. Qxc8+ Kf4 55. Qf8+ Ke3 56. Qc5+ Kf4 57. Qb4+ Ke3 58. Qxb5 Re2 59. Qc5+ Ke4 60. b4 

1-0

[Event "13th Open"]
[Site "?"]
[Date "2011.07.09"]
[Round "?"]
[White "Oms Pallisse, Josep"]
[Black "Oratovsky, Michael"]
[WhiteElo "2489"]
[BlackElo "2521"]
[Result "1-0"]

1. d4 Nf6 2. c4 d6 3. Nf3 g6 4. Nc3 Nbd7 5. e4 e5 6. Be2 Bg7 7. O-O O-O 8. Qc2 Qe7 9. Rd1 c6 10. d5 c5 11. Bg5 h6 12. Bd2 Ne8 13. g3 Ndf6 14. a3 Nh7 15. Qc1 h5 16. Re1 Bf6 17. b4 b6 18. Rb1 g5 19. Kg2 g4 20. Ng1 Bg5 21. Bd3 Bxd2 22. Qxd2 Ng5 23. h4 gxh3+ 24. Kh2 f5 25. exf5 Qg7 26. f4 exf4 27. gxf4 Nf7 28. Nxh3 Nf6 29. Kh1 Ng4 30. Re7 Qf6 31. Qe1 Bxf5 32. Bxf5 Qxf5 33. Qe4 Qf6 34. Rc1 Qh4 35. Kg2 Kh8 36. Qe1 Qf6 37. Qe6 Qh4 38. Qe1 Qf6 39. Qe6 Qg7 40. Kh1 Qd4 41. Rxf7 Qd2 42. Rxf8+ Rxf8 43. Ne2 Qd3 44. Ng5 Rg8 45. Rc3 Qd2 46. Rh3 Qd1+ 47. Kg2 Rxg5 48. fxg5 Kg7 49. Rxh5 

1-0

[Event "Pamplona op"]
[Site "?"]
[Date "1995.??.??"]
[Round "?"]
[White "Oms Pallisse, Josep"]
[Black "Izeta Txabarri, Felix"]
[WhiteElo "2350"]
[BlackElo "2515"]
[Result "1-0"]

1. e4 c6 2. c4 e5 3. Nf3 d6 4. Nc3 g6 5. d4 Nd7 6. Be2 Bg7 7. Be3 Ngf6 8. O-O O-O 9. d5 Ng4 10. Bg5 f6 11. dxc6 bxc6 12. Qxd6 fxg5 13. Qe6+ Kh8 14. Qxg4 h6 15. Qg3 Qe7 16. Ne1 Nf6 17. Nd3 Nh5 18. Bxh5 gxh5 19. Qe3 h4 20. f3 Rf6 21. Rad1 Rg6 22. Qc5 Qe8 23. Nf2 h5 24. h3 g4 25. fxg4 hxg4 26. Nxg4 Bxg4 27. hxg4 Rxg4 28. Rd3 Qg6 29. Rf2 Rg8 30. Kf1 Rf4 31. Rxf4 exf4 32. Rd6 Qg4 33. Qf5 Qxf5 34. exf5 Rf8 35. Ne4 Rxf5 36. b3 f3 37. gxf3 Rxf3+ 38. Ke2 Rf5 39. Nf2 c5 40. Rd5 Rf4 41. Nd3 Rg4 42. Rh5+ Kg8 43. Nf2 Rf4 44. Ke3 Rf7 45. Nd3 Bd4+ 46. Ke4 Re7+ 47. Kf5 Re2 48. a4 Re3 49. Nxc5 h3 50. b4 Rc3 51. Ke4 Bg7 52. Kd5 Kf7 53. Ne6 Bf6 54. Ng5+ Kg6 55. Rxh3 Kxg5 56. Rxc3 Bxc3 57. b5 Kf6 58. Kd6 Be5+ 59. Kd7 Bd4 60. a5 Ke5 61. Kc6 Ke6 62. a6 

1-0

[Event "10th Ardid mem op"]
[Site "?"]
[Date "1998.??.??"]
[Round "?"]
[White "Oms Pallisse, Josep"]
[Black "San Segundo, Pablo"]
[WhiteElo "2415"]
[BlackElo "2505"]
[Result "1-0"]

1. d4 d5 2. Nf3 Nf6 3. c4 e6 4. Nc3 Bb4 5. Bg5 h6 6. Bxf6 Qxf6 7. e3 O-O 8. Rc1 Nc6 9. cxd5 exd5 10. a3 Bxc3+ 11. Rxc3 Ne7 12. Be2 c6 13. O-O Nf5 14. b4 a6 15. Ne5 Nd6 16. a4 Bf5 17. Qb3 Qe7 18. Rcc1 f6 19. Nf3 Ne4 20. Ra1 Bg4 21. Ra2 Rfe8 22. Rc1 Bh5 23. Rcc2 Bf7 24. b5 axb5 25. axb5 c5 26. Rxa8 Rxa8 27. dxc5 Nxc5 28. Qb2 b6 29. h3 Qa7 30. Qd4 Kf8 31. Qf4 Qe7 32. Kh2 Bg6 33. Rd2 Bf7 34. Rc2 Bg6 35. Rd2 Bf7 36. Bd3 Ne6 37. Qg3 Kg8 38. Nh4 Qb4 39. Rc2 Qb3 40. Bf5 Qxb5 41. Bxe6 Bxe6 42. Rc7 g5 43. Qd6 Qe8 44. Nf3 Rd8 45. Qxb6 Rd7 46. Rc6 Re7 47. Nd4 Bf7 48. g3 

1-0

[Event "Torneo Internazionale EIKM A"]
[Site "?"]
[Date "2002.12.21"]
[Round "?"]
[White "Oms Pallisse, Josep"]
[Black "Pogorelov, Ruslan"]
[WhiteElo "2432"]
[BlackElo "2488"]
[Result "1-0"]

1. e4 e6 2. d4 d5 3. Nc3 dxe4 4. Nxe4 Nd7 5. Nf3 Ngf6 6. Nxf6+ Nxf6 7. g3 c5 8. Bg2 cxd4 9. Qxd4 Qa5+ 10. Bd2 Qa6 11. c4 Be7 12. O-O O-O 13. Ne5 Rd8 14. Qf4 Bd7 15. b4 Be8 16. a4 Qd6 17. Bc3 Qc7 18. a5 Rac8 19. Rfd1 Rxd1+ 20. Rxd1 b6 21. b5 Bd6 22. Qe3 Bxe5 23. Bxe5 Qxc4 24. axb6 axb6 25. Qxb6 Nd7 26. Rxd7 Bxd7 27. Bf1 Qd5 28. Bc7 h6 29. h4 Ra8 30. Kh2 Ra1 31. Bg2 Qxb5 32. Qd4 Rc1 33. Be5 Rc4 34. Qa1 Ra4 35. Qc3 f6 36. Bd6 

1-0

[Event "4th Palma de Mallorca Spain, Men Championship"]
[Site "?"]
[Date "2009.10.04"]
[Round "?"]
[White "Oms Pallisse, Josep"]
[Black "Bellon Lopez, Juan Manuel"]
[WhiteElo "2498"]
[BlackElo "2430"]
[Result "1-0"]

1. d4 d5 2. c4 c6 3. Nf3 Nf6 4. e3 e6 5. Bd3 Nbd7 6. O-O a6 7. Nbd2 c5 8. cxd5 exd5 9. e4 dxe4 10. Nxe4 Nxe4 11. Bxe4 Be7 12. Qc2 cxd4 13. Bxh7 Nc5 14. Rd1 Qb6 15. Bf5 Bxf5 16. Qxf5 Ne6 17. Ne5 Bf6 18. Nd3 Qb5 19. Qxb5+ axb5 20. Bd2 Kd7 21. Rdc1 Rhc8 22. Rxc8 Rxc8 23. Kf1 b6 24. Rc1 Rc4 25. b3 Rxc1+ 26. Nxc1 Be7 27. Ke2 Kc6 28. Nd3 Kd5 29. g3 g5 30. f3 f5 31. h3 Bd6 32. Be1 Ng7 33. h4 gxh4 34. gxh4 Nh5 35. Bd2 f4 36. Bb4 Ng3+ 37. Kf2 Bxb4 38. Nxb4+ Ke5 39. Nd3+ Kf5 40. Ke1 Nh5 41. Kd2 Ng7 42. Nb4 Kg6 43. Kd3 Kh5 44. Ke4 Ne6 45. Nd3 Kxh4 46. Nxf4 Ng5+ 47. Kxd4 Nxf3+ 48. Kd5 Ne1 49. Kc6 Kg4 50. Nd5 Nd3 51. Kxb6 Kf5 52. Kxb5 Ke4 53. Nb4 Nc1 54. Kc4 Kf5 55. a4 Ke6 56. Nd3 Ne2 57. Kc5 Kd7 58. b4 Kc7 59. a5 Nc3 60. Ne5 Kb7 61. b5 Ne4+ 62. Kb4 Nf6 63. Nc4 Nd5+ 64. Kc5 Nc3 65. Nd6+ Ka8 66. b6 Ne2 67. a6 Nf4 68. Nb5 

1-0

[Event "Magistral Barcelona"]
[Site "?"]
[Date "2010.11.04"]
[Round "?"]
[White "Hess, Ro"]
[Black "Oms Pallisse, Josep"]
[WhiteElo "2602"]
[BlackElo "2528"]
[Result "0-1"]

1. e4 e6 2. d4 d5 3. Nc3 Nf6 4. Bg5 dxe4 5. Nxe4 Nbd7 6. Nf3 h6 7. Nxf6+ Nxf6 8. Be3 Nd5 9. Bd2 c5 10. c4 Nf6 11. dxc5 Bxc5 12. b4 Be7 13. Qc2 b6 14. Bd3 Bb7 15. O-O Bxf3 16. gxf3 O-O 17. Rad1 Qc7 18. Kh1 Rfd8 19. Rg1 Kf8 20. Be2 Bd6 21. Rg2 Bf4 22. Bc3 Rxd1+ 23. Qxd1 Be5 24. Bd2 Rd8 25. Qc1 Qd6 26. Be1 Bf4 27. Qb2 Bd2 28. Rg1 Qd4 29. Qxd4 Rxd4 30. a4 Ke7 31. Kg2 Nh5 32. Kf1 g5 33. h4 Bxe1 34. hxg5 Bxb4 35. gxh6 Nf6 

0-1

[Event "10th Figueres Spain, Open"]
[Site "?"]
[Date "2009.08.08"]
[Round "?"]
[White "Moskalenko, Viktor"]
[Black "Oms Pallisse, Josep"]
[WhiteElo "2558"]
[BlackElo "2495"]
[Result "0-1"]

1. d4 Nf6 2. c4 e6 3. Nc3 Bb4 4. f3 O-O 5. e4 d5 6. cxd5 exd5 7. e5 Nfd7 8. f4 c5 9. Be3 Nc6 10. Nf3 cxd4 11. Bxd4 Nxd4 12. Qxd4 Bc5 13. Qd2 Nb6 14. Rc1 Bg4 15. Be2 Rc8 16. Ng5 Bxe2 17. Kxe2 h6 18. Nf3 Qd7 19. h3 f6 20. Rhd1 fxe5 21. Nxe5 Qf5 22. g4 Qxf4 23. Qxf4 Rxf4 24. Re1 Rf2+ 25. Kd3 Rxb2 26. Re2 Rxe2 27. Nxe2 Bd6 28. Rxc8+ Nxc8 29. Kd4 Ne7 30. Nd3 Kf7 31. Nef4 Bxf4 32. Nxf4 Nc6+ 33. Kc5 d4 34. a3 g5 35. Nd3 Ke6 36. a4 Ne5 37. Nf2 Nf3 38. Nd3 b6+ 39. Kb5 Ne5 40. Nf2 Kd5 41. Ka6 d3 42. Kxa7 Kc6 43. Ka6 d2 44. a5 bxa5 45. Kxa5 Nc4+ 

0-1

[Event "16th Balaguer Open"]
[Site "?"]
[Date "2011.07.20"]
[Round "?"]
[White "Janev, Evgeni"]
[Black "Oms Pallisse, Josep"]
[WhiteElo "2528"]
[BlackElo "2489"]
[Result "0-1"]

1. e4 c6 2. d4 d5 3. e5 Bf5 4. Be3 e6 5. Nd2 Nd7 6. g4 Bg6 7. Ne2 Ne7 8. Nf4 c5 9. c3 Qb6 10. Nxg6 hxg6 11. Rb1 Nc6 12. Qa4 cxd4 13. cxd4 Rc8 14. a3 Qa5 15. Qxa5 Nxa5 16. b4 Nc4 17. Nxc4 dxc4 18. Bg2 Rc7 19. d5 Nxe5 20. dxe6 fxe6 21. Bxa7 Bd6 22. Ke2 Kf7 23. Bb6 Rd7 24. Be4 Ra8 25. Ra1 Nd3 26. Bxd3 cxd3+ 27. Kd2 Ra6 28. Be3 Rd8 29. h3 b5 30. Rhb1 e5 31. f3 Ke6 32. Rb3 Rf8 33. Rf1 e4 34. Rf2 Rc6 35. Kd1 Kd5 36. fxe4+ Kxe4 37. Rxf8 Bxf8 38. Bc5 Bxc5 39. Rc3 Kd4 40. Rc1 Rc7 41. bxc5 Rxc5 42. Rb1 Ke3 43. Rb4 g5 44. Rb2 Rd5 45. Rb3 Kf3 46. Kd2 Kg3 47. Rb4 Kxh3 48. a4 bxa4 49. Rxa4 Kg3 50. Rb4 Kf3 51. Ra4 Re5 52. Kxd3 Re3+ 53. Kd2 Re4 54. Ra7 Kxg4 55. Rxg7 Kf4 56. Kd3 Re8 57. Kd2 g4 58. Rf7+ Kg3 59. Kd1 Kg2 60. Kd2 g3 61. Rf6 Rh8 62. Ke2 Kh2 

0-1

[Event "Torneo Internazionale EIKM A"]
[Site "?"]
[Date "2002.12.18"]
[Round "?"]
[White "Movsziszian, Karen"]
[Black "Oms Pallisse, Josep"]
[WhiteElo "2528"]
[BlackElo "2432"]
[Result "0-1"]

1. d4 Nf6 2. c4 e6 3. Nf3 b6 4. g3 Ba6 5. Qa4 Bb7 6. Bg2 c5 7. dxc5 Bxc5 8. Nc3 O-O 9. O-O Be7 10. Rd1 Na6 11. Bf4 Nc5 12. Qc2 Qc8 13. Rac1 Nce4 14. Nxe4 Bxe4 15. Qd2 Qb7 16. Bd6 Bxd6 17. Qxd6 Rac8 18. b3 h6 19. Ne1 Bxg2 20. Nxg2 Rc6 21. Qd4 Rfc8 22. e4 d6 23. a4 a6 24. Ra1 Nd7 25. Ne3 Nc5 26. Rdb1 a5 27. f3 R6c7 28. Ra2 Rd7 29. h4 Qc6 30. Kf2 Na6 31. Rd2 Kf8 32. Rbd1 Rcd8 33. g4 Qc5 34. Ke2 Qxd4 35. Rxd4 Nc5 36. Rb1 g5 37. h5 Ke7 38. Kd2 Kf6 39. Kc3 Ke5 40. Ng2 Na6 41. Rf1 Nb4 42. Rf2 Kf6 43. f4 gxf4 44. Nxf4 Ke7 45. Ng2 Rg8 46. e5 d5 47. Ne3 Rg5 48. cxd5 Rxe5 49. d6+ Rxd6 50. Rxd6 Rxe3+ 51. Kd2 Rxb3 52. Rd4 Nd5 53. Ke2 f6 54. Rf3 Rb2+ 55. Kd3 Rb3+ 56. Ke2 Rb2+ 57. Kf1 Ra2 58. Rf2 Ra1+ 59. Kg2 Ne3+ 60. Kg3 f5 61. Rb2 Ra3 62. Kf4 Nd5+ 63. Rxd5 Rxa4+ 64. Ke3 exd5 65. gxf5 Rb4 66. Rg2 Kf6 67. Rg5 a4 68. Kd3 d4 69. Ke4 b5 70. Kd5 d3 71. Kc5 Rb2 72. Rg7 d2 73. Rd7 a3 74. Rd3 a2 75. Rf3 Kg5 76. Rg3+ Kf4 

0-1

[Event "ESP-chT Division 1"]
[Site "?"]
[Date "1999.11.11"]
[Round "?"]
[White "Izeta Txabarri, Felix"]
[Black "Oms Pallisse, Josep"]
[WhiteElo "2505"]
[BlackElo "2412"]
[Result "0-1"]

1. d4 Nf6 2. Nf3 e6 3. c4 b6 4. e3 Bb7 5. Bd3 d5 6. Nc3 Bd6 7. O-O O-O 8. b3 a6 9. Bb2 Nbd7 10. Rc1 Qe7 11. Bb1 Rad8 12. Qc2 Rfe8 13. cxd5 exd5 14. Qf5 g6 15. Qg5 Ne4 16. Qxe7 Rxe7 17. Ne2 f6 18. Nf4 Kf7 19. Nd3 Rde8 20. b4 b5 21. Nc5 Bc8 22. Bd3 Nb6 23. Rc2 c6 24. Ra1 Bc7 25. Bxe4 dxe4 26. Nd2 Nd5 27. a3 f5 28. Rac1 f4 29. Nf1 g5 30. Nb3 Bd7 31. Na5 Bxa5 32. bxa5 h5 33. Bc3 h4 34. Bd2 f3 35. g3 Rh8 36. a4 bxa4 37. Rb1 Ree8 38. Rb7 Ke6 39. Bc1 Rb8 40. Rcb2 Rxb7 41. Rxb7 Nc3 42. Bb2 Ne2+ 43. Kh1 Bc8 44. Rg7 Kd5 45. g4 Kc4 46. d5 Rd8 47. Rxg5 cxd5 

0-1